| 000 | 00000nam##2200000za#4500 |
| 001 | 9.600666 |
| 003 | CaOODSP |
| 005 | 20210624205709 |
| 007 | cr ||||||||||| |
| 008 | 150406|2002||||xxc|||||o f|0| 0 fre|d |
| 040 | |aCaOODSP|bfre |
| 043 | |an-cn--- |
| 086 | 1 |aNH18-1/124-2002F-PDF |
| 110 | 2 |aSociété canadienne d'hypothèques et de logement. |
| 245 | 10|aIsolation phonique procurée par les cloisons de gypse |h[ressource électronique] |
| 260 | |aOttawa - Ontario : |bSociété canadienne d'hypothèques et de logement |c2002. |
| 300 | |a171p.|bfigures, graphiques |
| 490 | 1 |aRapport de recherche |
| 500 | |a"Programme de subventions de recherche" -- p.1 de 171. |
| 590 | |a11-25-Supp|b2011-10-31 |
| 775 | 08|tNoise isolation provided by gypsum board partitions : |w(CaOODSP)9.569593 |
| 830 | #0|aResearch report (Société canadienne d'hypothèques et de logement : En ligne)|w(CaOODSP)9.502470 |
| 856 | 40|ahttp://publications.gc.ca|qPDF|s5.71 Mo|uhttps://publications.gc.ca/collections/collection_2011/schl-cmhc/nh18-1/NH18-1-124-2002-fra.pdf |